[Event "chess.com SpeedChess Q2Sw"]
[Site "chess.com INT"]
[Date "2022.11.12"]
[Round "7"]
[White "Steinberg, Nitzan"]
[Black "Grischuk, Alexander"]
[Result "0-1"]
[WhiteTitle "GM"]
[BlackTitle "GM"]
[WhiteElo "2537"]
[BlackElo "2745"]
[WhiteFideId "2801795"]
[BlackFideId "4126025"]
[EventDate "2022.11.12"]

1. e4 e6 2. Nf3 d5 3. exd5 exd5 4. d4 Nc6 5. Bb5 Bd6 6. c4 dxc4 7. O-O Ne7 8.
Bxc4 O-O 9. h3 Bf5 10. a3 Qd7 11. Re1 Ng6 12. Nc3 a6 13. Be3 h6 14. Bd3 Rfe8 15.
Qc2 Bxd3 16. Qxd3 Nce7 17. Re2 Qf5 18. Qc4 Nc6 19. Rae1 Rad8 20. Bd2 Rxe2 21.
Rxe2 Bf4 22. d5 Nce5 23. Nxe5 Bxe5 24. Qe4 Qxe4 25. Rxe4 f5 26. Rc4 Rd7 27. f4
Bxc3 28. Bxc3 Ne7 29. d6 cxd6 30. Kf2 Kf7 31. g4 g6 32. a4 Ke6 33. a5 Nc6 34.
Bd2 d5 35. Rc3 d4 36. Rb3 Kd5 37. gxf5 gxf5 38. Rg3 Ke4 39. Rg6 Kd3 40. Be1 Kc2
41. Rxh6 d3 42. Rf6 d2 43. Bxd2 Rxd2+ 44. Kg3 Rd3+ 45. Kh4 Nd4 46. Rf7 Rb3 47.
Kg5 Rb5 48. Rd7 Ne6+ 49. Kf6 Nxf4 50. h4 Nh5+ 51. Kg5 f4+ 52. Kg4 Kxb2 53. Rd6
Kb3 54. Rb6 Rxb6 55. axb6 a5 0-1

[Event "chess.com SpeedChess Q2Sw"]
[Site "chess.com INT"]
[Date "2022.11.12"]
[Round "7"]
[White "Yanchenko, Roman"]
[Black "Rakhmanov, Aleksandr"]
[Result "1-0"]
[WhiteTitle "FM"]
[BlackTitle "GM"]
[WhiteElo "2467"]
[BlackElo "2630"]
[WhiteFideId "4137329"]
[BlackFideId "4173708"]
[EventDate "2022.11.12"]

1. d4 Nf6 2. c4 d6 3. Nf3 g6 4. Nc3 Bf5 5. Bf4 Bg7 6. e3 Ne4 7. Qb3 Nxc3 8. Qxc3
c5 9. Bd3 Bg4 10. Be4 Nc6 11. h3 Bxf3 12. Bxf3 O-O 13. Rd1 Qb6 14. Bxc6 bxc6 15.
O-O a5 16. b3 a4 17. dxc5 Qxc5 18. b4 Qf5 19. Qd2 a3 20. Rb1 Rfb8 21. Rb3 Ra4
22. c5 Rd8 23. cxd6 exd6 24. Rc1 Qb5 25. e4 Bb2 26. Rd1 d5 27. Bg5 Rd7 28. Bh6
Ra8 29. Qf4 f6 30. Qg4 Re7 31. exd5 cxd5 32. Rbd3 Rd8 33. h4 Kf7 34. h5 d4 35.
hxg6+ hxg6 36. Rg3 Qh5 37. Qxh5 gxh5 38. Rg7+ Ke8 39. Rg8+ Kd7 40. Rg3 Rb8 41.
Rb3 Kc6 42. Bc1 Re2 43. Bxb2 axb2 44. Rb1 d3 45. Rxd3 Kb5 46. Rb3 Rc8 47. R3xb2 1-0

[Event "chess.com SpeedChess Q2Sw"]
[Site "chess.com INT"]
[Date "2022.11.12"]
[Round "7"]
[White "Quispe Arteaga, Gabriel"]
[Black "Dauner, Benedikt"]
[Result "1-0"]
[WhiteTitle "FM"]
[BlackTitle "FM"]
[WhiteElo "2374"]
[BlackElo "2336"]
[WhiteFideId "32059809"]
[BlackFideId "16225899"]
[EventDate "2022.11.12"]

1. c4 c5 2. Nf3 Nc6 3. d4 cxd4 4. Nxd4 e5 5. Nxc6 dxc6 6. Qc2 Nf6 7. g3 Bc5 8.
Bg2 O-O 9. O-O Bg4 10. Nc3 Bh5 11. Na4 Be7 12. h3 Qc7 13. Be3 b6 14. Nc3 Rad8
15. Qa4 Rc8 16. Rfd1 Nd7 17. b4 Rfd8 18. b5 cxb5 19. Nxb5 Qxc4 20. Qxc4 Rxc4 21.
Nxa7 Nc5 22. Nc6 Rxd1+ 23. Rxd1 Bf8 24. g4 Bg6 25. Rd8 Ne6 26. Rb8 h5 27. Bd5
Ra4 28. Ne7+ Kh7 29. Nxg6 Kxg6 30. Bxe6 fxe6 31. Rxf8 hxg4 32. hxg4 Rxg4+ 33.
Kf1 Ra4 34. Rb8 Rxa2 35. Rxb6 Kf5 36. Kg2 g5 37. Kf1 g4 38. Rc6 Ke4 39. Rc4+ Kf5
40. Rc1 Rb2 41. Rd1 Ke4 42. Rd2 Rb1+ 43. Kg2 Rb8 44. Ra2 Rb4 45. Ra6 Rb2 46.
Rxe6 Rxe2 47. Rg6 Ra2 48. Rxg4+ Kf5 49. Rg5+ Ke4 50. Rh5 Rb2 51. Rh4+ Kf5 52.
Kf3 Rb8 53. Rh5+ Ke6 54. Ke4 Rb4+ 55. Kf3 Kd5 56. Kg3 Re4 57. Rh4 1-0

[Event "chess.com SpeedChess Q2Sw"]
[Site "chess.com INT"]
[Date "2022.11.12"]
[Round "7"]
[White "Samadov, Read"]
[Black "Aradhya, Garg"]
[Result "1-0"]
[WhiteTitle "FM"]
[BlackTitle "FM"]
[WhiteElo "2450"]
[BlackElo "2289"]
[WhiteFideId "13417444"]
[BlackFideId "25006746"]
[EventDate "2022.11.12"]

1. d4 d5 2. c4 c6 3. Nf3 Nf6 4. Nc3 dxc4 5. a4 Bf5 6. Ne5 e6 7. Nxc4 Bb4 8. f3
c5 9. dxc5 Qxd1+ 10. Kxd1 Bxc5 11. e4 Bg6 12. Nb5 Na6 13. Ncd6+ Ke7 14. Nxb7 Bb4
15. Nd4 Nb8 16. Be3 Rc8 17. a5 a6 18. Ra4 Bd6 19. Nxd6 Kxd6 20. Be2 Nbd7 21. Rc4
Rxc4 22. Bxc4 Kc5 23. b3 Ne5 24. Nxe6+ Kd6 25. Nf4 Rc8 26. Bxa6 Rc3 27. Bd2 Rxb3
28. Kc2 Rb8 29. Nxg6 hxg6 30. Rb1 Ra8 31. Bb7 Rd8 32. a6 Nc4 33. Bb4+ Kc7 34.
Kc3 Nd2 35. Ba5+ Kb8 36. Bxd8 Nxb1+ 37. Kb4 Nd7 38. Kb5 Nc3+ 39. Kc6 Ne5+ 40.
Kd6 f6 41. Ke7 g5 42. Kf8 g4 43. fxg4 Nxg4 44. Kxg7 Nxh2 45. Bxf6 Nxe4 46. Bxe4
Ng4 47. Bd4 Ne5 48. a7+ Kc7 49. Bxe5+ Kb6 50. a8=Q Kc5 51. Qc6+ Kb4 52. Bd6+ Kb3
53. Qc2# 1-0

[Event "chess.com SpeedChess Q2Sw"]
[Site "chess.com INT"]
[Date "2022.11.12"]
[Round "7"]
[White "Jegorovas, Aleksandras"]
[Black "Mikhailov, Viacheslav"]
[Result "0-1"]
[WhiteTitle "FM"]
[BlackTitle "IM"]
[WhiteElo "2270"]
[BlackElo "2428"]
[WhiteFideId "12801950"]
[BlackFideId "4187369"]
[EventDate "2022.11.12"]

1. Nf3 Nf6 2. c4 g6 3. Nc3 Bg7 4. e4 O-O 5. d4 d6 6. Be2 Bg4 7. O-O Nc6 8. Be3
Re8 9. d5 Bxf3 10. Bxf3 Ne5 11. Be2 c6 12. dxc6 bxc6 13. f4 Ned7 14. Bf3 Rb8 15.
Qd2 Qa5 16. Rad1 Qb4 17. b3 Nc5 18. Kh1 Nfd7 19. Bd4 Bxd4 20. Qxd4 e5 21. fxe5
dxe5 22. Qe3 Nf8 23. Bg4 Nfe6 24. Bxe6 Nxe6 25. Qxa7 Rf8 26. Qe3 Rbd8 27. Ne2
Qa5 28. a4 Qb4 29. Rxd8 Rxd8 30. Qf3 Qe7 31. Qc3 Nc5 32. Qb4 Qf8 33. Ng3 Rb8 34.
Qc3 Qd6 35. b4 Nxa4 36. Qf3 Qe7 37. b5 cxb5 38. cxb5 Rxb5 39. Rd1 Nc5 40. h3 Ne6
41. Rd5 Nd4 42. Qd3 Rb4 43. Qa6 Qg5 44. Kh2 Rb2 45. Qc8+ Kg7 46. Qc3 Rf2 47.
Rxd4 exd4 48. Qxd4+ Qf6 0-1

[Event "chess.com SpeedChess Q2Sw"]
[Site "chess.com INT"]
[Date "2022.11.12"]
[Round "7"]
[White "Novik, Maxim"]
[Black "Akobian, Varuzhan"]
[Result "0-1"]
[WhiteTitle "GM"]
[BlackTitle "GM"]
[WhiteElo "2412"]
[BlackElo "2591"]
[WhiteFideId "4102924"]
[BlackFideId "13300580"]
[EventDate "2022.11.12"]

1. e4 d6 2. d4 Nf6 3. Nc3 c6 4. Nf3 Bg4 5. Be2 e6 6. O-O d5 7. Ne5 Bxe2 8. Qxe2
Be7 9. exd5 exd5 10. Re1 O-O 11. Bg5 Re8 12. Qf3 Nbd7 13. Rad1 h6 14. Bh4 Qc7
15. Bg3 Bd6 16. Re3 Nxe5 17. dxe5 Bxe5 18. Bxe5 Rxe5 19. Qg3 Rae8 20. Rde1 Rxe3
21. Rxe3 Qxg3 22. hxg3 Rxe3 23. fxe3 Ne4 24. Ne2 g5 25. Kh2 h5 26. Nd4 Kg7 27.
Nb3 Kf6 28. Na5 Nd6 29. g4 hxg4 30. Kg3 Kf5 31. b4 f6 32. Kf2 Ke4 33. Nb3 g3+
34. Ke2 b6 35. Nd2+ Kf5 36. Kf3 Ne4 37. Nb3 g4+ 38. Ke2 c5 39. bxc5 bxc5 40. Na5
Nc3+ 41. Kd3 Nxa2 42. c3 Ke6 43. Kc2 f5 44. Kb2 d4 45. cxd4 cxd4 46. Kxa2 dxe3
47. Nb3 Ke5 48. Nc1 f4 49. Kb3 f3 50. gxf3 gxf3 51. Kc3 g2 52. Nd3+ Kf5 53. Kd4
g1=Q 54. Nc5 e2+ 55. Kc4 Qxc5+ 56. Kxc5 e1=Q 0-1

[Event "chess.com SpeedChess Q2Sw"]
[Site "chess.com INT"]
[Date "2022.11.12"]
[Round "7"]
[White "Grandelius, Nils"]
[Black "Harshavardhan, G B"]
[Result "0-1"]
[WhiteTitle "GM"]
[BlackTitle "IM"]
[WhiteElo "2657"]
[BlackElo "2426"]
[WhiteFideId "1710400"]
[BlackFideId "25059009"]
[EventDate "2022.11.12"]

1. c4 Nf6 2. Nc3 g6 3. g3 Bg7 4. Bg2 O-O 5. Nf3 d6 6. O-O e5 7. d4 Nbd7 8. e4
Re8 9. Be3 exd4 10. Nxd4 c6 11. h3 Nc5 12. Qc2 Qe7 13. Rfe1 Ncxe4 14. Nxe4 Nxe4
15. Bxe4 Qxe4 16. Bd2 Bf5 17. Rxe4 Bxe4 18. Qb3 Bxd4 19. Re1 c5 20. Bc3 Bc6 21.
Rxe8+ Rxe8 22. Qd1 Bxc3 23. bxc3 Re4 24. g4 Re6 25. Kh2 Kg7 26. Qd2 h6 27. Kg3
a6 28. a3 f5 29. gxf5 gxf5 30. Qf4 Rg6+ 31. Kh4 Rf6 32. Qe3 f4 33. Qe7+ Kg6 34.
Qd8 Kg7 35. Kg4 f3 36. h4 Kf7 37. Qc7+ Ke6 38. Kg3 Kf5 39. Qc8+ Ke4 40. Qh8 Rg6+
41. Kh2 Rg2+ 42. Kh1 Rxf2 43. Qh7+ Ke3 44. Qxh6+ Ke2 45. Qe6+ Kd1 46. Qe3 Re2
47. Qd3+ Kc1 48. Kg1 Rd2 49. Qe3 f2+ 50. Kf1 d5 51. cxd5 Bb5+ 52. c4 Bxc4+ 0-1

[Event "chess.com SpeedChess Q2Sw"]
[Site "chess.com INT"]
[Date "2022.11.12"]
[Round "7"]
[White "Jobava, Baadur"]
[Black "Gorodetzky, David"]
[Result "0-1"]
[WhiteTitle "GM"]
[BlackTitle "IM"]
[WhiteElo "2578"]
[BlackElo "2495"]
[WhiteFideId "13601520"]
[BlackFideId "2813416"]
[EventDate "2022.11.12"]

1. b3 Nf6 2. Bb2 g6 3. Bxf6 exf6 4. c4 d5 5. cxd5 Qxd5 6. Nc3 Qd6 7. g3 c6 8.
Bg2 Bg7 9. e3 f5 10. Nge2 O-O 11. d4 Na6 12. O-O Nc7 13. Qc2 Rd8 14. Rfd1 Bd7
15. Rab1 Rac8 16. b4 Be6 17. Nf4 Bc4 18. Na4 b5 19. Nc5 Rb8 20. Bf1 Bxf1 21.
Rxf1 Bh6 22. Nfd3 Qd5 23. Rfc1 Bf8 24. Nf4 Qd6 25. Ncd3 Rb6 26. Ne5 Rc8 27. Nxc6
Nd5 28. Qb3 Nxf4 29. Ne7+ Qxe7 30. Rxc8 Nh3+ 31. Kg2 Ng5 32. Qd5 Rd6 33. Qa8 Kg7
34. Rbc1 Ne6 35. Re8 Qd7 36. Rcc8 Be7 37. Qb8 f4 38. Rc2 fxe3 39. fxe3 Bg5 40.
Rg8+ Kh6 41. Rc3 Rc6 42. Rc8 Qd5+ 43. Kf2 Qf5+ 44. Ke2 Qg4+ 45. Ke1 Rxc3 46.
Rxc3 Qf3 47. Qe5 Qh1+ 48. Kd2 Qxh2+ 49. Kd3 Qxa2 50. Qxb5 Qb1+ 51. Kc4 Qe4 52.
Qd5 Qb1 53. Qg2 Qe1 54. d5 Nc7 55. Qf3 Ne8 56. Kc5 Qxc3+ 0-1

[Event "chess.com SpeedChess Q2Sw"]
[Site "chess.com INT"]
[Date "2022.11.12"]
[Round "7"]
[White "Eynullayev, Atilla"]
[Black "Baches Garcia, Guillermo"]
[Result "1-0"]
[WhiteTitle "FM"]
[BlackTitle "IM"]
[WhiteElo "2281"]
[BlackElo "2326"]
[WhiteFideId "13413570"]
[BlackFideId "2209764"]
[EventDate "2022.11.12"]

1. d4 Nf6 2. c4 e6 3. Nc3 d5 4. cxd5 Nxd5 5. e4 Nxc3 6. bxc3 c5 7. a3 cxd4 8.
cxd4 e5 9. Nf3 exd4 10. Qxd4 Qxd4 11. Nxd4 Be7 12. Bb5+ Bd7 13. Bb2 O-O 14. O-O
Rc8 15. Bd3 Nc6 16. Ne2 Rd8 17. Rfd1 Bg4 18. f3 Bc5+ 19. Kf1 Be6 20. Bb5 Na5 21.
Ke1 Nc4 22. Bc3 Ne3 23. Rdc1 Nxg2+ 24. Kf1 Bh3 25. Ng1 Ne3+ 26. Ke2 Be6 27. Bd2
Rxd2+ 28. Kxd2 Bb6 29. Ke2 g5 30. Bd3 Ng2 31. Bc4 Nf4+ 32. Kf1 Rd8 33. Bxe6 fxe6
34. Rd1 Rc8 35. Rac1 Rf8 36. Ne2 Nh3 37. Kg2 g4 38. fxg4 Ng5 39. Ng3 Nf3 40. Rf1
Nh4+ 41. Kh3 Nf3 42. Rc3 Ng5+ 43. Kh4 Rxf1 44. Nxf1 Nxe4 45. Rc8+ Kg7 46. Ng3
Nf2 47. Rb8 e5 48. Rxb7+ Kg6 49. Nf5 e4 50. Kg3 Nd3 51. h4 h5 52. Nd6 hxg4 53.
Nxe4 Ne5 54. Nf2 Be3 55. Nxg4 Bd4 56. Nxe5+ Bxe5+ 57. Kg4 Bf6 58. Rxa7 1-0

[Event "chess.com SpeedChess Q2Sw"]
[Site "chess.com INT"]
[Date "2022.11.12"]
[Round "7"]
[White "Aghasiyev, Kamal"]
[Black "Gurevich, Dmitry"]
[Result "1-0"]
[WhiteTitle "IM"]
[BlackTitle "GM"]
[WhiteElo "2441"]
[BlackElo "2396"]
[WhiteFideId "13402854"]
[BlackFideId "2000407"]
[EventDate "2022.11.12"]

1. d4 Nf6 2. c4 a6 3. a4 e6 4. Nf3 d5 5. e3 Be7 6. Nc3 O-O 7. Bd3 c5 8. O-O Nc6
9. Qe2 cxd4 10. exd4 Nb4 11. c5 b6 12. cxb6 Nxd3 13. Qxd3 Qxb6 14. Bg5 a5 15.
Ne5 h6 16. Bh4 Rb8 17. Nb5 Rd8 18. Rfc1 Bd7 19. Nxd7 Rxd7 20. Rc2 Ne4 21. Bxe7
Rxe7 22. Rac1 Qd8 23. Rc6 Rd7 24. Qa3 Qf6 25. Qe3 Qe7 26. Qf4 Rbd8 27. b3 Nd6
28. Qd2 Nxb5 29. axb5 Qb4 30. Qxb4 axb4 31. Ra6 Rb7 32. Rc5 Rdb8 33. Ra5 Kf8 34.
f4 Ke7 35. Kf2 g5 36. g3 gxf4 37. gxf4 Rg8 38. Kf3 Rg1 39. Ra4 Rf1+ 40. Ke3 Rh1
41. Rxb4 Rxh2 42. b6 Kd6 43. Rc8 Rh3+ 44. Kf2 h5 45. Rb5 h4 46. Rh8 Rd3 47. f5
Rxd4 48. fxe6 fxe6 49. Ke3 Re4+ 50. Kd3 Rg4 51. Rh6 Ke5 52. b4 Rg3+ 53. Ke2 h3
54. Kf2 Rc3 55. Rc5 Rc4 56. Rh5+ Kd6 57. Rxc4 dxc4 58. Rxh3 Rxb6 59. Ke3 Rxb4
60. Kd4 Ra4 61. Rh6 c3+ 62. Kxc3 Rg4 63. Kd3 1-0

[Event "chess.com SpeedChess Q2Sw"]
[Site "chess.com INT"]
[Date "2022.11.12"]
[Round "7"]
[White "Molenda, Marcin"]
[Black "Vaibhav, Jayant Raut"]
[Result "0-1"]
[WhiteTitle "FM"]
[BlackTitle "CM"]
[WhiteElo "2381"]
[BlackElo "2247"]
[WhiteFideId "1173065"]
[BlackFideId "5089034"]
[EventDate "2022.11.12"]

1. e4 c5 2. Nf3 e6 3. d4 cxd4 4. Nxd4 a6 5. g3 Nf6 6. Bg2 Nc6 7. O-O h5 8. Nxc6
bxc6 9. c4 e5 10. Bg5 d6 11. Nc3 Be7 12. Qd2 Be6 13. b3 h4 14. Rad1 h3 15. Bh1
O-O 16. Rfe1 Qc7 17. Rc1 Rfd8 18. Nd5 Bxd5 19. cxd5 c5 20. Bf3 Qd7 21. Bxf6 Bxf6
22. Qe2 a5 23. Bg4 Qb7 24. Rc4 Ra6 25. Ra4 Rda8 26. Bxh3 Rb6 27. Qg4 Rb4 28. Qd7
Qb6 29. Qc6 Qd8 30. Rc1 Rd4 31. Rcc4 Bg5 32. Rxd4 exd4 33. Qb5 Qe7 34. Bg2 g6
35. Rxa5 Rxa5 36. Qxa5 d3 37. Qc3 d2 38. Qd3 Qe5 39. Bf3 Qa1+ 40. Kg2 Qxa2 41.
Bd1 Qb2 42. f4 Bf6 43. Kf3 Bd4 44. Qc2 Qa3 45. Qxd2 Qa6 46. Qe2 Qa1 47. Kg4 Qc1
48. h4 Qc3 49. h5 gxh5+ 50. Kh4 Bf6+ 51. Kxh5 Bg7 52. Qg4 Qe1 53. Kg5 Qh1 0-1

[Event "chess.com SpeedChess Q2Sw"]
[Site "chess.com INT"]
[Date "2022.11.12"]
[Round "7"]
[White "Rustemov, Alexander"]
[Black "Omariev, Maksim"]
[Result "1-0"]
[WhiteTitle "GM"]
[BlackTitle "FM"]
[WhiteElo "2525"]
[BlackElo "2304"]
[WhiteFideId "4119002"]
[BlackFideId "4193423"]
[EventDate "2022.11.12"]

1. d4 d5 2. c4 e6 3. Nc3 Nf6 4. cxd5 exd5 5. Bg5 Be7 6. e3 c6 7. Bd3 Bg4 8. f3
Bh5 9. Nge2 Bg6 10. e4 dxe4 11. fxe4 Nxe4 12. Bxe7 Qxe7 13. Bxe4 Bxe4 14. O-O
O-O 15. Qd2 Bg6 16. d5 Rd8 17. Rad1 Qc5+ 18. Qd4 Qxd4+ 19. Rxd4 cxd5 20. Rxd5
Nc6 21. Nf4 Rxd5 22. Ncxd5 Rd8 23. Rd1 Be4 24. Ne7+ Kf8 25. Rxd8+ Nxd8 26. Nc8
a6 27. Kf2 g5 28. Nh5 Bd5 29. a3 f5 30. Nf6 Be6 31. Nxh7+ Kg7 32. Nxg5 Bxc8 33.
Ke3 Nf7 34. Nh3 Kf6 35. Kd4 b6 36. Nf4 Bb7 37. g3 Ng5 38. Nd5+ Bxd5 39. Kxd5 Nf3
40. h3 Nd2 41. Kc6 b5 42. Kb6 Nc4+ 43. Kxa6 Nxb2 44. Kxb5 Nd3 45. a4 Nf2 46. a5
Nxh3 47. a6 Ng5 48. a7 Ne4 49. a8=Q Nxg3 50. Kc4 f4 51. Kd3 Kg5 52. Qg8+ Kh4 53.
Kd2 Kh3 54. Qf7 Kg4 55. Ke1 f3 56. Kf2 Ne4+ 57. Ke3 Ng5 58. Qf4+ Kh5 59. Qg3 Kh6
60. Kf4 Ne4 61. Kxe4 f2 62. Qxf2 Kh7 63. Qg3 Kh6 64. Kf5 Kh7 65. Kf6 1-0

[Event "chess.com SpeedChess Q2Sw"]
[Site "chess.com INT"]
[Date "2022.11.12"]
[Round "7"]
[White "Dubov, Daniil"]
[Black "Hakobyan, Aram"]
[Result "1/2-1/2"]
[WhiteTitle "GM"]
[BlackTitle "GM"]
[WhiteElo "2708"]
[BlackElo "2613"]
[WhiteFideId "24126055"]
[BlackFideId "13306677"]
[EventDate "2022.11.12"]

1. d4 Nf6 2. Nf3 d5 3. c4 c6 4. Nc3 e6 5. g3 Nbd7 6. Bg2 Be7 7. O-O O-O 8. b3 b6
9. Bb2 Ba6 10. Qd3 Rc8 11. Rfd1 c5 12. Nb5 Bxb5 13. cxb5 Ne4 14. Ne5 Nxe5 15.
dxe5 f5 16. exf6 Bxf6 17. Bxe4 Bxb2 18. Bxh7+ Kh8 19. Rab1 Qf6 20. Rf1 Be5 21.
Qg6 Qxg6 22. Bxg6 c4 23. bxc4 Rxc4 24. Bd3 Ra4 25. Rbc1 Bd4 26. Rc6 e5 27. Rd6
e4 28. Bb1 Rb4 29. Rxd5 Rxf2 30. Rxf2 Rxb1+ 31. Kg2 Bxf2 32. Kxf2 Rb2 33. Re5
Rxa2 34. Rxe4 Rb2 35. Re7 Rxb5 36. Rxa7 Rb2 37. Rb7 b5 38. Kf3 b4 39. h4 Rb1 40.
e3 b3 41. Kg4 b2 42. Kg5 Re1 43. Rxb2 Rxe3 44. g4 Kh7 45. Rb5 Rc3 46. Rd5 Rc4
47. Kf5 Rc1 48. Kf4 Rf1+ 49. Kg5 Re1 50. Kh5 Rg1 51. Rd7 Rc1 52. Rd5 Rg1 53. Ra5
Re1 54. Kg5 Rc1 55. Re5 Rb1 56. h5 Ra1 57. Kf5 Rf1+ 58. Kg5 Rb1 59. Rd5 Ra1 60.
Rd6 Ra5+ 61. Kh4 Rc5 62. Re6 Rc4 63. Kg3 Rc3+ 64. Kf4 Rc4+ 65. Kf5 Rc5+ 66. Kf4
Rc4+ 67. Re4 Rxe4+ 68. Kxe4 g6 69. hxg6+ Kxg6 70. g5 Kxg5 1/2-1/2

[Event "chess.com SpeedChess Q2Sw"]
[Site "chess.com INT"]
[Date "2022.11.12"]
[Round "7"]
[White "Sjugirov, Sanan"]
[Black "Stribuk, Artiom"]
[Result "0-1"]
[WhiteTitle "GM"]
[BlackTitle "FM"]
[WhiteElo "2712"]
[BlackElo "2312"]
[WhiteFideId "4189302"]
[BlackFideId "13515659"]
[EventDate "2022.11.12"]

1. d4 Nf6 2. Nf3 g6 3. Nbd2 Bg7 4. e4 d5 5. e5 Ne4 6. Bd3 Nxd2 7. Bxd2 c5 8. c3
Bg4 9. h3 Bxf3 10. Qxf3 cxd4 11. cxd4 Nc6 12. Bb5 Rc8 13. O-O O-O 14. Bxc6 Rxc6
15. Rac1 Qb6 16. Rxc6 bxc6 17. Qc3 e6 18. Rc1 Rc8 19. b3 Bf8 20. Be3 Ba3 21. Rc2
Bb4 22. Qd3 a5 23. h4 h5 24. Qe2 Be7 25. g3 Rc7 26. Kg2 c5 27. Qd3 cxd4 28. Bxd4
Qb7 29. Kh2 Bb4 30. Be3 Qc8 31. Rxc7 Qxc7 32. Bd4 Qc1 33. Kg2 Qe1 34. Bb2 Kg7
35. a3 Bf8 36. Bc3 Qc1 37. a4 Bb4 38. Bxb4 axb4 39. a5 Qa3 40. Qb5 Qxb3 41. a6
Qa3 42. Qb6 b3 43. a7 b2 44. a8=Q Qxa8 45. Qxb2 Qf8 46. Qd4 Kg8 47. Qf4 Qg7 48.
Qg5 Qf8 49. g4 hxg4 50. h5 Qg7 51. h6 Qf8 52. Kg3 Kh7 53. Qf6 Kxh6 54. Kxg4 Kh7
55. Qh4+ Kg8 56. Qf6 Qb4+ 57. Kg5 Qd2+ 58. Kg4 Qd4+ 59. Kg3 Qe4 60. Qd8+ Kh7 61.
Qc7 Qf5 62. f4 g5 63. fxg5 Qxg5+ 64. Kf3 Qf5+ 65. Ke3 Kg6 66. Qb8 Qe4+ 67. Kd2
Kf5 0-1

[Event "chess.com SpeedChess Q2Sw"]
[Site "chess.com INT"]
[Date "2022.11.12"]
[Round "7"]
[White "Drygalov, Sergey"]
[Black "Goltsev, Dmitry"]
[Result "1-0"]
[WhiteTitle "GM"]
[BlackTitle "FM"]
[WhiteElo "2547"]
[BlackElo "2232"]
[WhiteFideId "24171743"]
[BlackFideId "24176710"]
[EventDate "2022.11.12"]

1. d4 Nf6 2. c4 e6 3. Nf3 Bb4+ 4. Nbd2 Qe7 5. a3 Bxd2+ 6. Qxd2 b6 7. e3 Bb7 8.
Be2 a5 9. b3 d6 10. Bb2 Ne4 11. Qc2 Nd7 12. O-O f5 13. d5 e5 14. Ne1 g6 15. f3
Nef6 16. Nd3 Nc5 17. Nxc5 bxc5 18. f4 Nd7 19. e4 fxe4 20. fxe5 Nxe5 21. Qxe4
O-O-O 22. b4 axb4 23. axb4 cxb4 24. Bg4+ Kb8 25. Qe3 c5 26. dxc6 Nxc6 27. Qxe7
Nxe7 28. Bxh8 Rxh8 29. Rab1 h5 30. Be6 Nc6 31. Bd5 Kc7 32. Rf7+ Kb6 33. Rd7 Ra8
34. Rxd6 Kc5 35. Rd7 Rb8 36. Rg7 Ba8 37. Rxg6 b3 38. Rg5 Kb4 39. c5 Nd4 40. Bxa8
Rxa8 41. Rxh5 Kc3 42. c6 Kc2 43. Rf1 b2 44. Rc5+ Kb3 45. c7 Rc8 46. h4 Ne2+ 47.
Kh2 Nc3 48. h5 Kb4 49. Rc6 Nd5 50. Rb1 Kb3 51. Rc5 Nxc7 52. Rf1 Ka2 53. Rf2 Ka1
54. Ra5+ Kb1 55. Ra7 Nd5 56. Rb7 Rc2 57. Rxc2 Kxc2 58. h6 Nf6 59. Kg3 b1=Q 60.
Rxb1 Kxb1 61. Kf4 Kc2 62. Kf5 Nh7 63. g4 Kd3 64. g5 1-0

[Event "chess.com SpeedChess Q2Sw"]
[Site "chess.com INT"]
[Date "2022.11.12"]
[Round "7"]
[White "Ristic, Nebojsa M"]
[Black "Manukian, Artak"]
[Result "1-0"]
[WhiteTitle "IM"]
[WhiteElo "2335"]
[BlackElo "2196"]
[WhiteFideId "900850"]
[BlackFideId "13301373"]
[EventDate "2022.11.12"]

1. d4 Nf6 2. Bf4 d5 3. Nc3 Bf5 4. e3 e6 5. Nb5 Na6 6. a4 c6 7. Na3 Nc7 8. Bd3
Bxd3 9. Qxd3 Bd6 10. Ne2 O-O 11. O-O Ne4 12. c4 f5 13. c5 Bxf4 14. Nxf4 g5 15.
Ne2 g4 16. Kh1 Kh8 17. f3 gxf3 18. gxf3 Nf6 19. Nf4 Rg8 20. Rg1 Qe7 21. b4 e5
22. dxe5 Qxe5 23. Nc2 Ne6 24. Nxe6 Qxe6 25. Nd4 Qe5 26. Qxf5 Qxf5 27. Nxf5 Rae8
28. Nd6 Re7 29. b5 Ne8 30. Rxg8+ Kxg8 31. Rg1+ Kf8 32. Nxe8 Kxe8 33. Re1 cxb5
34. axb5 d4 35. e4 Re5 36. Rc1 d3 37. c6 bxc6 38. bxc6 Kd8 39. Kg2 Kc7 40. Kf2
Rh5 41. Kg3 a5 42. f4 a4 43. Rc3 Rb5 44. Kf2 Rb3 45. Rc4 Rb2+ 46. Ke3 d2 47. Ke2
a3 48. e5 a2 49. Ra4 Rb1 50. Kxd2 a1=Q 51. Rxa1 Rxa1 52. Ke3 Kxc6 53. f5 Re1+
54. Kf4 Kd5 55. e6 h6 56. h4 Re4+ 57. Kf3 Re1 58. Kg4 Kd6 59. Kh5 Rf1 60. Kg6
Ke7 61. h5 Rf2 62. Kxh6 Rxf5 63. Kg6 Rf6+ 64. Kg7 Rf1 65. h6 Rg1+ 66. Kh8 Rb1
67. Kg7 1-0

[Event "chess.com SpeedChess Q2Sw"]
[Site "chess.com INT"]
[Date "2022.11.12"]
[Round "7"]
[White "Melkumyan, Hrant"]
[Black "Borisova, Ekaterina"]
[Result "1-0"]
[WhiteTitle "GM"]
[BlackTitle "FM"]
[WhiteElo "2645"]
[BlackElo "2223"]
[WhiteFideId "13302485"]
[BlackFideId "34124184"]
[EventDate "2022.11.12"]

1. d4 Nf6 2. c4 e6 3. Bf4 d5 4. e3 Bd6 5. Ne2 O-O 6. Nbc3 a6 7. Bxd6 Qxd6 8. Ng3
Nbd7 9. Rc1 Re8 10. Be2 dxc4 11. Bxc4 b5 12. Be2 Bb7 13. O-O e5 14. d5 e4 15.
Qd4 Qe5 16. Rfd1 Rad8 17. a4 Qxd4 18. Rxd4 Nc5 19. Rcd1 Nxa4 20. Nxa4 bxa4 21.
Rxa4 Rxd5 22. Rc1 Re7 23. Bxa6 Bxa6 24. Rxa6 h6 25. h3 Rb5 26. Rc2 Rb7 27. Nf5
Re6 28. Rxe6 fxe6 29. Ng3 Kf7 30. Kf1 g5 31. Ke2 h5 32. Kd1 h4 33. Ne2 Nd5 34.
Nc1 Kf6 35. b3 Rb8 36. Rc4 Ke5 37. Kc2 Rf8 38. Ra4 Rxf2+ 39. Kd1 Nc3+ 40. Ke1
Rc2 41. Ra5+ Kf6 42. Rc5 Rxc1+ 43. Kd2 Rg1 44. Kxc3 Rxg2 45. Kd4 Rg3 46. Kxe4
Rxh3 47. Rxc7 Rh1 48. Rh7 Kg6 49. Rh8 Rb1 50. Rg8+ Kh5 51. Re8 Rxb3 52. Rxe6 Kg4
53. Re8 Kg3 54. Rg8 g4 55. Kf5 Rb5+ 56. Kf6 h3 57. e4 Rb3 58. e5 Re3 59. Kf5
Rf3+ 60. Ke4 Rf2 61. e6 Re2+ 62. Kf5 Rf2+ 63. Ke5 h2 64. Rh8 1-0

[Event "chess.com SpeedChess Q2Sw"]
[Site "chess.com INT"]
[Date "2022.11.12"]
[Round "7"]
[White "Taboas Rodriguez, Daniel"]
[Black "Begunov, Konstantin"]
[Result "0-1"]
[WhiteTitle "FM"]
[BlackTitle "FM"]
[WhiteElo "2359"]
[BlackElo "2325"]
[WhiteFideId "2208466"]
[BlackFideId "4118510"]
[EventDate "2022.11.12"]

1. d4 d5 2. Nf3 c6 3. c4 Nf6 4. cxd5 cxd5 5. Nc3 Nc6 6. Bf4 a6 7. Rc1 Bf5 8. e3
e6 9. Qb3 Ra7 10. Be2 Bd6 11. Bxd6 Qxd6 12. O-O O-O 13. Na4 Nd7 14. Nc5 Nxc5 15.
Rxc5 Bg4 16. Qb6 Qb8 17. Rfc1 g6 18. h3 Bxf3 19. Bxf3 Ra8 20. Be2 Rc8 21. b4 Qa7
22. Qxa7 Rxa7 23. a4 Raa8 24. b5 axb5 25. axb5 Ne7 26. Rc7 Kf8 27. b6 Ke8 28.
Bb5+ Kf8 29. Bd7 Rxc7 30. Rxc7 Rb8 31. g4 g5 32. Kg2 Ng8 33. Rc8+ Rxc8 34. Bxc8
Nf6 35. Bxb7 Nd7 36. f4 h6 37. h4 gxf4 38. exf4 Nxb6 39. g5 Kg7 40. Ba6 Nd7 41.
Kg3 Nf8 42. Bd3 Ng6 43. h5 Ne7 44. Kf3 Nc6 45. Ke3 Ne7 46. Kd2 f6 47. g6 f5 48.
Be2 Ng8 49. Kc3 Nf6 50. Kb4 Ne4 51. Kb5 Kf6 52. Kc6 Nf2 53. Bf1 Ne4 54. Kd7 Ng3
55. Ke8 Nxh5 56. Kf8 Ng7 57. Bb5 h5 58. Bf1 h4 59. Bh3 Kxg6 60. Ke7 Kh6 61. Bf1
Kg6 62. Bg2 Kh5 63. Bf3+ Kg6 64. Bg2 Nh5 65. Kxe6 Nxf4+ 66. Ke5 Nxg2 67. Kxd5 h3 0-1